书目信息 |
| 题名: |
新手上常犯的100个错误
|
|
| 作者: | 余音 主编 | |
| 分册: | ||
| 出版信息: | 重庆 重庆出版社 2010.01 |
|
| 页数: | 127页 | |
| 开本: | 22cm | |
| 丛书名: | 生活误区100 | |
| 单 册: | ||
| 中图分类: | U471.1 | |
| 科图分类: | ||
| 主题词: | 汽车--qi che--驾驶术--基本知识 | |
| 电子资源: | ||
| ISBN: | 978-7-229-01322-6 | |
| 000 | 00990nam 2200253 450 | |
| 001 | 012010560315 | |
| 005 | 20100402200831.21 | |
| 010 | @a978-7-229-01322-6@dCNY25.00 | |
| 100 | @a20100402d2010 em y0chiy0120 ea | |
| 101 | 0 | @achi |
| 102 | @aCN@b500000 | |
| 105 | @aa z 000yy | |
| 106 | @ar | |
| 200 | 1 | @a新手上常犯的100个错误@Axin shou shang chang fan de 100 ge cuo wu@f余音主编@Fyu yin zhu bian@g“生活误区100”编委会编著@G“sheng huo wu qu 100”bian wei hui bian zhu |
| 210 | @a重庆@c重庆出版社@d2010.01 | |
| 215 | @a127页@c图@d22cm | |
| 225 | 2 | @a生活误区100@Asheng huo wu qu 100 |
| 330 | @a本书编者来自国内知名的汽车企业,长期从事技术类及维修类工作。在多年的工作实践中,他们积累了丰富的驾驶经验与汽车养护知识,归纳出新手司机最为常见且极易忽视的100个毁车的驾驶习惯。 | |
| 410 | 0 | @12001 @a生活误区100 |
| 606 | 0 | @a汽车@Aqi che@x驾驶术@x基本知识 |
| 690 | @aU471.1@v4 | |
| 701 | 0 | @a余音@Ayu yin@4主编 |
| 801 | 0 | @aCN@bQSSK@c20100402 |
| 905 | @b772324-26@dU471.1@eY778@f3 | |
| 新手上常犯的100个错误/余音主编/“生活误区100”编委会编著.-重庆:重庆出版社,2010.01 |
| 127页:图;22cm.-(生活误区100) |
| ISBN 978-7-229-01322-6:CNY25.00 |
| 本书编者来自国内知名的汽车企业,长期从事技术类及维修类工作。在多年的工作实践中,他们积累了丰富的驾驶经验与汽车养护知识,归纳出新手司机最为常见且极易忽视的100个毁车的驾驶习惯。 |
| ● |
| 相关链接 |
|
|
|
正题名:新手上常犯的100个错误
索取号:U471.1/Y778
 
预约/预借
| 序号 | 登录号 | 条形码 | 馆藏地/架位号 | 状态 | 备注 |
| 1 | 772324 | 207723249 | 自科库501/501自科库 56排7列2层/ [索取号:U471.1/Y778] | 在馆 | |
| 2 | 772325 | 207723258 | 自科库501/501自科库 56排7列2层/ [索取号:U471.1/Y778] | 在馆 | |
| 3 | 772326 | 207723267 | 期刊室512/501自科库 56排6列5层/ [索取号:U471.1/Y778] | 在馆 |